Os três flibusteiros (Registo nº 2093)
[ vista simples ]
| 000 -Etiqueta do registo | |
|---|---|
| Cabeçalho | 00842nam a22002771 4500 |
| 005 - Identificador da versão | |
| Campo de controlo | 20240813121924.0 |
| 095 ## - | |
| -- | PTBN00150715 |
| 100 ## - Dados gerais de processamento | |
| Dados gerais de processamento | 19930930d1972 de y0pory5003 ba |
| 102 ## - Pais de publicação ou produção | |
| País de publicação | Portugal |
| 101 1# - Língua de publicação | |
| Língua do texto, banda sonora, etc. | Português |
| Língua do documento no original | Francês |
| 106 ## - Campo de dados codificados: material textual | |
| Dados codificados do material textual | r |
| 105 ## - Campo de dados codificados: livros | |
| Dados codificados dos livros | a z 000ay |
| 215 ## - Descrição física | |
| Indicação específica da natureza do documento e extensão da espécie | 57 p. |
| Outras indicações físicas | il. |
| Dimensões | 24 cm |
| 200 1# - Titulo e menção de responsabilidade | |
| Título próprio | Os três flibusteiros |
| Primeira menção de responsabilidade | Michel de Saint Pierre |
| Outras menções de responsabilidade | trad. Maria Guerne |
| -- | il. Henri Faivre |
| 225 2# - Colecção | |
| Título próprio da colecção | Biblioteca infantil |
| Indicação de volume | 21 |
| 210 ## - Publicação, Distribuição, etc. | |
| Lugar da edição, distribuição, etc. | Lisboa |
| Nome do editor, distribuidor, etc. | Verbo |
| Data da publicação, distribuição, etc. | imp. 1972 |
| 606 ## - Nome comum usado como assunto | |
| Número de registo de entrada de autoridade | 0000229 |
| Palavra de ordem | Literatura estrangeira infanto-juvenil |
| Subdivisão de assunto | Romance de aventuras |
| 675 ## - Classificação Decimal Universal (CDU) | |
| Notação | 82-311.3 |
| Edição | 2ª |
| Língua da edição | por |
| 702 #1 - Nome de autor-pessoa física (responsabilidade secundária) | |
| Número de registo de entrada de autoridade | 0000666 |
| Palavra de ordem | Guerne |
| Outra parte do nome não tomada para palavra de ordem | Maria |
| Código de função | Tradutor |
| Número de registo de entrada de autoridade | 0000841 |
| Palavra de ordem | Faivre |
| Outra parte do nome não tomada para palavra de ordem | Henri |
| Código de função | Ilustrador / Técnico de desenho computorizado |
| 700 #1 - Nome de autor-pessoa física (responsabilidade principal) | |
| Número de registo de entrada de autoridade | 0000840 |
| Palavra de ordem | Saint Pierre |
| Outra parte do nome não tomada para palavra de ordem | Michel de |
| Datas | 1916- |
| 942 ## - Elementos de entrada adicionados (Koha) | |
| Tipo de item no Koha | Livro |
| Situação do levantamento | Origin of item (home branch) (coded) | Biblioteca de empréstimo | Código de barras | Cota | Circulation type (not for loan) | Tipo de documento | Nota do exemplar | Damaged status |
|---|---|---|---|---|---|---|---|---|
| Biblioteca Escolar da Coca Maravilhas | Biblioteca Escolar da Coca Maravilhas | BECM2007/93 | 8EST SAI | Livro | Sem mensagem |
